[Event "Match"]
[Site "www.echecsemail.com"]
[Date "2015.08.07"]
[Round "1"]
[White "Orae"]
[Black "Hundegana"]
[WhiteElo "1969"]
[BlackElo "1950"]
[Result "0-1"]
[Round "1"]
1.e4 e6
2.Ng1f3 d6
3.Nb1c3 a6
4.d4 Bf8e7
5.Bf1d3 Nb8d7
6.a4 c5
7.O-O h6
8.d5 e5
9.a5 b6
10.axb6 Nd7xb6
11.Bc1e3 Ng8f6
12.h3 O-O
13.Nc3b5 Bc8b7
14.Nb5c3 Qd8c7
15.Nf3h4 Nf6xe4
16.Bd3xe4 Be7xh4
17.Qd1d3 Bb7c8
18.f4 f5
19.Be4f3 e4
20.Bf3xe4 fxe4
21.Nc3xe4 Bc8f5
22.Be3f2 Bh4xf2
23.Rf1xf2 Rf8e8
24.Rf2e2 Bf5xe4
25.Qd3c3 Be4xd5
26.Re2d2 Bd5f7
27.Rd2d3 d5
28.Rd3g3 d4
29.Qc3f3 Re8e7
30.Qf3g4 Bf7d5
31.Qg4h5 Qc7xf4
32.Rg3g4 Qf4e3
33.Kh1 Bd5e6
34.Rg4g6 Nb6d7
35.Kh2 Be6f7
36.Qh5f3 Qe3xf3
37.gxf3 Bf7xg6
38.c4 Re7e2
39.Kg3 Re2xb2
40.Ra1e1 Nd7f6
41.Re1e5 Ra8c8
{ resign }
0-1

[Event "Match"]
[Site "www.echecsemail.com"]
[Date "2015.08.07"]
[Round "1"]
[White "Mataa"]
[Black "Fangshuo1"]
[WhiteElo "1359"]
[BlackElo "1499"]
[Result "0-1"]
[Round "1"]
1.d4 d5
2.c4 c6
3.Nb1c3 Ng8f6
4.g3 Bc8g4
5.Bf1g2 dxc4
6.Ng1h3 e6
7.O-O Nb8d7
 { time }
0-1

[Event "Match"]
[Site "www.echecsemail.com"]
[Date "2015.08.07"]
[Round "1"]
[White "Ericleo1980"]
[Black "Gegonz"]
[WhiteElo "2250"]
[BlackElo "1880"]
[Result "1-0"]
[Round "1"]
1.e4 e6
2.d4 d6
3.c4 Bf8e7
4.Nb1c3 Bc8d7
5.f4 c5
6.d5 e5
7.fxe5 dxe5
8.Ng1f3 f5
9.Nf3xe5 fxe4
10.Nc3xe4 Ng8f6
11.Ne4xf6 Be7xf6
12.Qd1h5 Kf8
13.Qh5f7 { resign }
1-0

[Event "Match"]
[Site "www.echecsemail.com"]
[Date "2015.08.07"]
[Round "1"]
[White "Gambitmiau"]
[Black "Caspito"]
[WhiteElo "1890"]
[BlackElo "1690"]
[Result "0-1"]
[Round "1"]
1.e4 e5
2.d4 exd4
3.Qd1xd4 d6
4.Bf1c4 Nb8d7
5.Bc1h6 Nd7e5
6.Bh6e3 Ng8f6
7.Nb1c3 c6
8.a3 Bf8e7
9.h3 O-O
10.Bc4a2 c5
11.Qd4d3 Ne5xd3
12.cxd3 a6
13.Ng1f3 b5
14.b4 Bc8b7
15.O-O Bb7c6
16.Rf1d1 a5
17.e5 Bc6xf3
18.gxf3 dxe5
19.Nc3xb5 cxb4
20.d4 a4
21.dxe5 Qd8a5
22.Ba2c4 b3
23.exf6 Be7xf6
24.Be3d2 Qa5b6
25.Bd2e3 Qb6b8
26.Nb5d6 Bf6xa1
27.Be3f4 b2
28.Bc4a2 Rf8d8
{ resign }
0-1

[Event "1/32 Finale"]
[Site "www.chess-mail.com"]
[Date "2015.08.07"]
[Round "1"]
[White "Asoka"]
[Black "Bluetealeaf"]
[WhiteElo "2670"]
[BlackElo "1750"]
[Result "1-0"]
[Round "1"]
1.e4 e5
2.Ng1f3 Nb8c6
3.Bf1c4 f6
4.O-O g5
5.Nf3xg5 Ng8h6
6.Qd1h5 Ke7
7.Nb1c3 d6
8.Nc3d5 Kd7
9.Ng5f7 Qd8e8
10.Nd5xf6 { resign }
1-0

[Event "1/32 Finale"]
[Site "www.chess-mail.com"]
[Date "2015.08.07"]
[Round "1"]
[White "Szustan"]
[Black "Bevittsmith"]
[WhiteElo "2720"]
[BlackElo "2250"]
[Result "1-0"]
[Round "1"]
1.e4 e6
2.d4 d5
3.Nb1c3 Bf8b4
4.a3 Bb4xc3
5.bxc3 dxe4
6.Ng1e2 Ng8f6
7.Bc1g5 Nb8d7
8.Ne2g3 c5
9.Ng3xe4 Qd8a5
10.Ne4d6 Ke7
11.dxc5 Qa5xc5
12.Nd6e4 Qc5c6
13.Qd1d4 h6
14.Bg5xf6 Nd7xf6
15.Qd4b4 { resign }
1-0

[Event "Tourn. n8273"]
[Site "www.chess-mail.com"]
[Date "2015.08.08"]
[Round "1"]
[White "Julianlore"]
[Black "Churrasca"]
[WhiteElo "2180"]
[BlackElo "2120"]
[Result "1-0"]
[Round "1"]
1.e4 c5
2.Ng1f3 d6
3.d4 cxd4
4.Nf3xd4 Ng8f6
5.Nb1c3 g6
6.Bf1e2 Bf8g7
7.O-O O-O
8.Bc1e3 Nb8c6
9.Nd4b3 Bc8d7
10.f4 Ra8c8
11.Be2f3 Rf8e8
12.g4 h6
13.Rf1f2 Re8f8
14.h3 Rf8e8
15.Ra1b1 Nf6h7
16.Qd1d2 Bg7xc3
17.bxc3 b6
18.Bf3e2 Qd8c7
19.Be2d3 Nh7f6
20.c4 Rc8d8
21.f5 Nc6e5
22.Be3xh6 Ne5xc4
23.Qd2g5 Nc4e5
24.Qg5h4 Ne5xd3
25.cxd3 Qc7c3
26.Rf2f3 Bd7b5
27.Rb1c1 Qc3b2
28.Rf3f2 Qb2a3
29.fxg6 fxg6
30.Rf2xf6 exf6
31.Qh4xf6 Rd8d7
32.Qf6xg6 Kh8
33.Qg6xe8 Kh7
34.Qe8h5 Qa3xa2
35.Bh6g5 Kg7
36.Qh5h6 Kf7
37.Rc1f1 Kg8
38.Rf1f8 
1-0

[Event "Tourn. n8273"]
[Site "www.chess-mail.com"]
[Date "2015.08.08"]
[Round "1"]
[White "Churrasca"]
[Black "Guidom"]
[WhiteElo "2120"]
[BlackElo "2070"]
[Result "1/2-1/2"]
[Round "1"]
1.e4 e5
2.Ng1f3 Nb8c6
3.Bf1b5 a6
4.Bb5a4 Ng8f6
5.O-O d6
6.Rf1e1 Bc8g4
7.h3 Bg4h5
8.c3 Bf8e7
9.d4 exd4
10.cxd4 O-O
11.d5 Nc6e5
12.Nb1d2 Ne5d3
13.Re1e3 Nd3xc1
14.Ra1xc1 Ra8c8
15.b4 b5
16.Ba4b3 Qd8d7
17.Rc1c6 Rc8a8
18.Qd1c1 Ra8a7
19.Re3c3 Rf8c8
20.Bb3d1 h6
21.Nf3d4 Bh5g6
22.f3 Nf6e8
23.Nd2b3 Be7f6
24.Qc1e3 Ra7a8
25.f4 Bf6xd4
26.Nb3xd4 Ne8f6
27.f5 Bg6xf5
28.Nd4xf5 Nf6xd5
29.exd5 Qd7xf5
30.Bd1g4 Qf5b1
31.Rc3c1 Qb1xa2
32.Bg4xc8 Ra8xc8
33.Rc6xc7 Rc8xc7
34.Rc1xc7 Qa2xd5
35.Qe3e8 Kh7
36.Qe8xf7 Qd5d4
37.Kh1 Qd4a1
38.Kh2 Qa1e5
39.Kg1 Qe5e1
40.Qf7f1 { draw }
1/2-1/2

[Event "Tourn. n8310"]
[Site "www.chess-mail.com"]
[Date "2015.08.08"]
[Round "1"]
[White "Raulazo"]
[Black "Picifarkinca"]
[WhiteElo "1889"]
[BlackElo "1820"]
[Result "1-0"]
[Round "1"]
1.e4 Ng8f6
2.Nb1c3 e5
3.Ng1f3 Nb8c6
4.Bf1c4 Bf8c5
5.Bc4xf7 Kxf7
6.Nf3g5 Kf8
7.O-O Nc6d4
8.d3 h6
9.Ng5f3 Nd4xf3
10.Qd1xf3 Kg8
11.Bc1e3 Bc5b4
12.Nc3d5 Nf6xd5
13.exd5  { time }
1-0

[Event "Tourn. n8303"]
[Site "www.chess-mail.com"]
[Date "2015.08.08"]
[Round "1"]
[White "Comrade"]
[Black "Xkafi"]
[WhiteElo "2090"]
[BlackElo "1960"]
[Result "0-1"]
[Round "1"]
1.c4 f5
2.Nb1c3 Ng8f6
3.Ng1f3 h6
4.Nf3h4 e6
5.Nh4g6 Rh8g8
6.d4 Bf8b4
7.Bc1d2 Nb8c6
8.a3 Bb4xc3
9.Bd2xc3 Nf6e4
10.g3 Qd8f6
11.Ng6f4 b6
12.Bf1g2 Ne4xc3
13.bxc3 Ra8b8
14.e3 Nc6a5
15.Qd1e2 Bc8a6
16.Qe2h5 Kd8
17.O-O Ba6xc4
18.Rf1e1 Na5b3
19.Ra1b1 g5
20.Nf4e2 Nb3d2
21.Rb1b2 Nd2e4
22.Bg2xe4 fxe4
23.Rb2b4 Rg8f8
24.Re1f1 b5
 { time }
0-1

[Event "Tourn. n8313"]
[Site "www.chess-mail.com"]
[Date "2015.08.08"]
[Round "1"]
[White "Guidom"]
[Black "Bigoak"]
[WhiteElo "2070"]
[BlackElo "1910"]
[Result "1/2-1/2"]
[Round "1"]
1.e4 e5
2.Ng1f3 Nb8c6
3.Bf1b5 Ng8f6
4.O-O d6
5.d4 Bc8d7
6.Bb5xc6 Bd7xc6
7.d5 Bc6d7
8.Bc1g5 h6
9.Bg5xf6 Qd8xf6
10.c4 Qf6g6
11.Nf3e1 O-O-O
12.f3 f5
13.Nb1c3 f4
14.b4 Bf8e7
15.a4 a6
16.Ne1d3 Qg6f7
17.c5 dxc5
18.bxc5 g5
19.Qd1b3 Kb8
20.Nd3xe5 Qf7e8
21.Ne5xd7 Qe8xd7
22.c6 Qd7c8
23.Rf1b1 b6
24.a5 b5
25.Qb3c4 Ka8
26.Qc4d4 g4
27.Nc3xb5 axb5
28.Rb1xb5 Qc8a6
29.Rb5b7 Rh8e8
30.Rb7xc7 Be7d6
31.Rc7d7 gxf3
32.gxf3 Rd8xd7
33.cxd7 Re8g8
34.Kf2 Qa6b5
35.Ra1c1 Qb5xd7
36.Rc1c6 Rg8c8
37.e5 Bd6b8
38.Rc6xc8 Qd7xc8
39.Qd4e4 Bb8a7
40.Kg2 Qc8g8
41.Kh3 Qg8g5
42.d6 Kb8
43.e6 Qg5h5
44.Kg2 Qh5g5
45.Kh3 Qg5h5
{ draw }
1/2-1/2

[Event "Tourn. n8338"]
[Site "www.chess-mail.com"]
[Date "2015.08.08"]
[Round "1"]
[White "Xkafi"]
[Black "Umzi"]
[WhiteElo "2040"]
[BlackElo "2190"]
[Result "0-1"]
[Round "1"]
1.c4 e5
2.Nb1c3 Ng8f6
3.h3 d5
4.e3 Nb8c6
5.a3 Bc8e6
6.Qd1a4 a6
7.Ng1f3 dxc4
8.Nf3xe5 Be6d7
9.Ne5xc4 b5
10.Qa4b3 bxc4
11.Bf1xc4 Nc6e5
12.d4 Ne5xc4
13.Qb3xc4 Bf8e7
14.g4 O-O
15.f4 Bd7e6
16.Qc4d3 Nf6d5
17.Nc3e2 Be6c8
18.Rh1g1 Rf8e8
19.e4 Nd5b6
20.g5 a5
21.h4 Bc8a6
22.Qd3c3 Ba6xe2
23.Kxe2 Be7xg5
24.Rg1xg5 Re8xe4
25.Kf3 Nb6d5
26.Qc3d3 Nd5f6
27.Bc1e3 h6
28.Rg5c5 Qd8d7
29.Ra1g1 Ra8e8
30.Rc5e5 Re4xe5
31.fxe5 Re8xe5
32.Be3xh6 Qd7d5
33.Kf2 Nf6e4
34.Kf1 Re5f5
35.Ke1 g6
36.Rg1g2 Ne4c5
37.Qd3e3 Qd5xg2
38.Qe3e8 Kh7
{ resign }
0-1

[Event "Tourn. n8308"]
[Site "www.chess-mail.com"]
[Date "2015.08.08"]
[Round "1"]
[White "Picifarkinca"]
[Black "Abuelo"]
[WhiteElo "1820"]
[BlackElo "2080"]
[Result "0-1"]
[Round "1"]
1.Ng1f3 d6
2.c4 Bc8g4
3.Nb1c3 Bg4xf3
4.gxf3 Nb8c6
5.d4 e6
6.e4 Qd8f6
7.Bc1e3 a6
8.d5 Nc6e5
9.f4 Ne5g6
10.Qd1d2 Ng8h6
11.O-O-O Nh6g4
 { time }
0-1

[Event "Tourn. n8350"]
[Site "www.chess-mail.com"]
[Date "2015.08.08"]
[Round "1"]
[White "Bojan"]
[Black "Culiflori"]
[WhiteElo "1930"]
[BlackElo "1900"]
[Result "0-1"]
[Round "1"]
1.e4 e5
2.Ng1f3 Nb8c6
3.Nb1c3 Ng8f6
4.Bf1c4 Bf8e7
5.Qd1e2 d6
6.h3 O-O
7.Nc3d5 Bc8e6
8.Nd5xe7 Qd8xe7
9.c3 Rf8e8
10.Bc4d3 d5
11.Nf3g5 dxe4
12.Ng5xe4 Ra8d8
13.Bd3c2 Be6d5
14.d3 h6
15.f3 Nf6d7
16.Bc1e3 f5
17.Ne4g3 f4
18.Ng3f5 Qe7f6
19.Nf5xg7 Qf6xg7
20.Be3g1 Qg7g3
21.Kd2 Nd7c5
22.Bg1h2 Qg3h4
23.Rh1g1 Bd5c4
24.Kc1 Nc5xd3
25.Kb1 Qh4f2
26.Bc2xd3 Bc4xd3
{ resign }
0-1

[Event "Tourn. n8208"]
[Site "www.chess-mail.com"]
[Date "2015.08.08"]
[Round "1"]
[White "Vite"]
[Black "Falcoale"]
[WhiteElo "1970"]
[BlackElo "1860"]
[Result "0-1"]
[Round "1"]
1.d4 Ng8f6
2.c4 b6
3.Nb1c3 Bc8b7
4.Bc1g5 e6
5.e4 Bf8e7
6.e5 Nf6e4
7.Bg5xe7 Qd8xe7
8.Ng1f3 O-O
9.Bf1d3 Ne4xc3
10.bxc3 d5
11.O-O Nb8d7
12.Qd1c2 h6
13.Nf3d2 c5
14.f4 a6
15.f5 exf5
16.Rf1xf5 dxc4
17.Bd3xc4 b5
18.Bc4e2 Ra8c8
19.Nd2e4 cxd4
20.Ne4d6 Rc8b8
21.Nd6xb7 Rb8xb7
22.cxd4 Rb7b8
23.Ra1f1 f6
24.Qc2b3 Kh8
25.Qb3e3 fxe5
26.Rf5xf8 Rb8xf8
27.Rf1xf8 Qe7xf8
28.dxe5 Qf8b4
29.Be2f3 Qb4b1
30.Kf2 Qb1xa2
31.Kg3 Nd7f8
32.Qe3c5 Nf8e6
33.Qc5c8 Kh7
34.Bf3e4 g6
35.Qc8d7 Ne6g7
36.Qd7d6 Qa2e6
37.Qd6d4 h5
38.h3 Ng7f5
39.Be4xf5 Qe6xf5
 { time }
0-1

[Event "Tourn. n8328"]
[Site "www.chess-mail.com"]
[Date "2015.08.08"]
[Round "1"]
[White "Caspito"]
[Black "Hansen"]
[WhiteElo "1690"]
[BlackElo "1510"]
[Result "0-1"]
[Round "1"]
1.e4 a6
2.d4 Nb8c6
3.Ng1f3 e6
4.Bf1d3 h6
5.O-O g5
6.c3 Ng8f6
7.Bc1e3 Nc6a5
8.Nf3e5 d6
9.Qd1a4 Na5c6
10.Ne5xc6 bxc6
11.Qa4xc6 Bc8d7
12.Qc6c4 Bd7b5
13.Qc4b3 Bb5xd3
14.Rf1e1 Ra8b8
15.Qb3d1 Bd3xe4
16.Nb1d2 d5
17.Qd1a4 Nf6d7
18.Nd2xe4 dxe4
19.Be3d2 Rb8xb2
20.Re1d1 Qd8f6
21.Ra1b1 e3
22.fxe3 Rb2b5
23.Rb1xb5 axb5
24.Qa4xb5 g4
25.c4 g3
26.h3 e5
27.d5 Qf6f2
28.Kh1 Bf8c5
29.e4 f5
30.Qb5c6 Qf2e2
31.Qc6g6 Kd8
32.Bd2g5 Kc8
33.Qg6a6 Kb8
34.Rd1b1 Bc5b6
35.Bg5h4 Qe2d3
36.Qa6b5 Nd7c5
37.d6 Qd3xd6
38.Bh4xg3 f4
39.Bg3f2 Nc5d3
40.Bf2xb6 Kc8
41.Qb5a6 Kd7
42.Qa6b7 Ke6
43.Qb7xc7 Nd3f2
44.Kh2 Nf2xe4
45.a4 Rh8g8
46.a5 f3
47.gxf3 Qd6d2
{ resign }
0-1

[Event "Tourn. n8323"]
[Site "www.chess-mail.com"]
[Date "2015.08.08"]
[Round "1"]
[White "Neo"]
[Black "Bojan"]
[WhiteElo "1780"]
[BlackElo "1920"]
[Result "0-1"]
[Round "1"]
1.d4 d5
2.e3 b6
3.b3 Bc8b7
4.Bc1a3 a6
5.g3 g6
6.Bf1g2 Nb8c6
7.Ng1h3 Nc6a7
8.O-O Bf8g7
9.c4 c6
10.c5 b5
11.Nh3g5 e5
12.Ba3b2 Qd8xg5
13.Nb1a3 e4
14.Bb2c3 Bb7c8
15.Bc3a5 Ng8f6
16.Ba5c7 O-O
17.Bc7f4 Qg5g4
18.Qd1xg4 Bc8xg4
19.Bf4d6 Rf8d8
20.b4 Nf6h5
21.Bd6e7 Rd8d7
22.Be7h4 Nh5f6
23.Na3c2 h6
24.Bh4xf6 Bg7xf6
25.a4 g5
26.axb5 Na7xb5
27.Nc2a3 Bg4f3
28.Na3xb5 cxb5
29.Rf1c1 Rd7c7
30.Bg2f1 Ra8a7
31.Ra1a5 Bf3g4
32.c6 Bf6e7
33.Bf1xb5 axb5
34.Ra5xb5 Kg7
35.Rb5b8 Be7d6
36.b5 Rc7xc6
37.Rc1xc6 Bd6xb8
38.Rc6b6 Bg4f3
39.h4 Ra7a1
40.Kh2 Ra1h1

0-1

[Event "Tourn. n8351"]
[Site "www.chess-mail.com"]
[Date "2015.08.08"]
[Round "1"]
[White "Fkarpov"]
[Black "Heiserman"]
[WhiteElo "2090"]
[BlackElo "2250"]
[Result "1/2-1/2"]
[Round "1"]
1.e4 c6
2.Nb1c3 d5
3.exd5 cxd5
4.d4 Ng8f6
5.h3 Bc8f5
6.f3 Nb8c6
7.Bf1b5 e6
8.Bb5xc6 bxc6
9.a3 Bf8e7
10.Ng1e2 Ra8c8
11.g4 Bf5g6
12.Ne2f4 c5
13.Nf4xg6 hxg6
14.Bc1g5 cxd4
15.Qd1xd4 Be7c5
16.Qd4a4 Qd8d7
17.Qa4xd7 Nf6xd7
18.O-O-O Nd7e5
19.Rh1f1 Ne5c4
20.Rf1e1 Rc8b8
21.b4 Bc5d6
22.Nc3xd5 O-O
23.Bg5e7 Bd6xe7
24.Nd5xe7 Kh7
25.Rd1d3 Rb8b6
26.Re1e4 Nc4d6
27.Re4d4 Nd6b5
28.Rd4c4 Nb5d6
29.Rc4d4 Nd6b5
30.Rd4c4 Nb5d6
31.Rc4d4 Nd6b5
32.Rd4c4 
1/2-1/2

[Event "Tourn. n8321"]
[Site "www.chess-mail.com"]
[Date "2015.08.08"]
[Round "1"]
[White "Liencam2"]
[Black "Francesco"]
[WhiteElo "2290"]
[BlackElo "2090"]
[Result "1-0"]
[Round "1"]
1.e4 c6
2.d4 d5
3.f3 dxe4
4.fxe4 e5
5.Ng1f3 exd4
6.Bf1c4 Bc8g4
7.O-O Bf8c5
8.Bc4xf7 Kxf7
9.Nf3e5 Ke8
10.Qd1xg4 d3
11.Kh1 { resign }
1-0

[Event "Match"]
[Site "www.echecsemail.com"]
[Date "2015.08.08"]
[Round "1"]
[White "Gmscalpel"]
[Black "Guidom"]
[WhiteElo "1809"]
[BlackElo "2070"]
[Result "1-0"]
[Round "1"]
1.e4 e5
2.Ng1f3 Nb8c6
3.Bf1b5 a6
4.Bb5a4 Ng8f6
5.O-O b5
6.Ba4b3 Bf8e7
7.Rf1e1 d6
8.c3 O-O
9.h3 Nc6a5
10.Bb3c2 c5
11.d4 cxd4
12.cxd4 Qd8c7
13.Nb1d2 Na5c4
14.Nd2xc4 bxc4
15.Bc1d2 Ra8b8
16.Bd2c3 exd4
17.Qd1xd4 Bc8e6
18.Ra1d1 Rf8d8
19.Nf3g5 h6
20.Ng5xe6 fxe6
21.b3 e5
22.Qd4xc4 Qc7xc4
23.bxc4 Nf6d7
24.Rd1b1 Nd7c5
25.f3 Kf7
26.Re1d1 Ke6
27.g3 g5
28.Kg2 h5
29.a3 Rb8b7
30.Rb1b4 Rb7xb4
31.axb4 Nc5d7
32.Bc2b3 Kf6
33.Rd1a1 Nd7b8
34.f4 gxf4
35.gxf4 Rd8g8
36.Kf3 h4
37.Bc3e1 Kg6
38.f5 Kh5
39.b5 axb5
40.cxb5 Rg8c8
41.Ra1a7 Be7g5
42.Ra7h7 Bg5h6
43.Be1d2 { resign }
1-0

[Event "Match"]
[Site "www.echecsemail.com"]
[Date "2015.08.08"]
[Round "1"]
[White "Culiflori"]
[Black "Drdoom"]
[WhiteElo "1900"]
[BlackElo "1770"]
[Result "1-0"]
[Round "1"]
1.e4 e5
2.Ng1f3 d6
3.d4 Nb8c6
4.dxe5 Nc6xe5
5.Nf3xe5 dxe5
6.Qd1xd8 Kxd8
7.Bf1c4 Ke8
8.Nb1c3 Bf8d6
9.Bc1e3 Ng8f6
10.O-O-O O-O
11.Be3g5 Bd6e7
12.Bg5xf6 Be7xf6
13.Nc3d5 Bf6d8
14.Rd1d3 c6
15.Nd5e3 b5
16.Bc4b3 Rf8e8
17.Rh1d1 Bd8b6
18.Rd3d6 Bc8b7
19.Rd6d7 Re8b8
20.Rd7xf7 Kh8
21.Rd1d7 Bb6xe3
22.fxe3 Bb7a6
23.Rf7xg7 Rb8f8
24.Rg7xh7 { resign }
1-0

[Event "Eq:La Taverne-Slap Shot Mates : "]
[Site "www.chess-mail.com"]
[Date "2015.08.08"]
[Round "1"]
[White "Hwj"]
[Black "Guidom"]
[WhiteElo "2780"]
[BlackElo "2250"]
[Result "1-0"]
[Round "1"]
1.e4 e5
2.Ng1f3 Nb8c6
3.Bf1b5 Ng8f6
4.O-O d6
5.d4 exd4
6.Nf3xd4 Bc8d7
7.Nb1c3 Bf8e7
8.Nd4xc6 bxc6
9.Bb5e2 c5
10.f4 O-O
11.e5 dxe5
12.fxe5 Nf6e8
13.Be2c4 Bd7c6
14.Qd1e2 Qd8d4
15.Kh1 g6
16.Bc1f4 Qd4d8
17.Ra1d1 Qd8c8
18.e6 f5
19.Rd1d7 Be7f6
20.e7 Rf8f7
21.Qe2e6 { resign }
1-0

[Event "Tourn. n8313"]
[Site "www.chess-mail.com"]
[Date "2015.08.09"]
[Round "1"]
[White "Guidom"]
[Black "Amaya"]
[WhiteElo "2070"]
[BlackElo "1920"]
[Result "1-0"]
[Round "1"]
1.e4 e6
2.d4 d5
3.exd5 exd5
4.Bc1f4 Ng8f6
5.Ng1f3 Bf8e7
6.c3 O-O
7.Bf1d3 Bc8g4
8.O-O Nf6e4
9.Nb1d2 f5
10.h3 Bg4h5
11.Qd1b3 b6
12.Bd3xe4 fxe4
13.Bf4e5 Be7f6
14.Be5xf6 Rf8xf6
15.Nf3e5 c6
16.Nd2xe4 Rf6f4
17.Ne4g3 Bh5e8
18.Ra1e1 Nb8a6
19.Ne5d3 Rf4f7
20.Nd3e5 Rf7e7
21.Ng3f5 Re7b7
22.Qb3a4 Na6c7
23.Re1e3 b5
24.Qa4d1 Qd8g5
25.Nf5d6 Rb7b8
26.Rf1e1 Nc7e6
27.Ne5f3 Qg5g6
28.Re3xe6 Qg6h5
29.g4 Qh5xh3
30.Re6xe8 Rb8xe8
31.Re1xe8 Ra8xe8
32.Nd6xe8 Qh3xg4
33.Kf1 Qg4h3
34.Ke1 Qh3e6
35.Qd1e2 Qe6f5
36.Nf3d2 { resign }
1-0

[Event "Tourn. n8313"]
[Site "www.chess-mail.com"]
[Date "2015.08.09"]
[Round "1"]
[White "Amaya"]
[Black "Picifarkinca"]
[WhiteElo "1920"]
[BlackElo "1820"]
[Result "1-0"]
[Round "1"]
1.d4 f5
2.e3 Ng8f6
3.Bf1d3 d5
4.Nb1d2 e6
5.f4 c5
6.c3 Nf6e4
7.Ng1f3 c4
8.Bd3c2 Bf8e7
9.O-O O-O
10.Nf3e5 Nb8c6
11.Rf1f3 Be7f6
12.Rf3h3 Bf6xe5
13.fxe5 Bc8d7
14.Qd1h5 h6
15.Nd2xe4 fxe4
16.Rh3g3 Qd8e7
17.Qh5xh6 Rf8f5
18.b3  { time }
1-0

[Event "Tourn. n8302"]
[Site "www.chess-mail.com"]
[Date "2015.08.09"]
[Round "1"]
[White "Seger"]
[Black "Manolinex"]
[WhiteElo "2690"]
[BlackElo "2700"]
[Result "1/2-1/2"]
[Round "1"]
1.d4 d5
2.Ng1f3 Ng8f6
3.e3 c5
4.c4 e6
5.a3 a6
6.cxd5 exd5
7.dxc5 Bf8xc5
8.b4 Bc5a7
9.Bc1b2 Nb8c6
10.Bf1e2 O-O
11.O-O Rf8e8
12.Nb1d2 Nf6e4
13.Qd1c2 Bc8f5
14.Nd2xe4 Bf5xe4
15.Qc2b3 Ra8c8
16.Ra1d1 Qd8e7
17.Rf1e1 d4
18.exd4 Be4xf3
19.Qb3xf3 Ba7xd4
20.Bb2xd4 Nc6xd4
21.Rd1xd4 Qe7xe2
22.Qf3xe2 Re8xe2
23.Kf1 Re2a2
24.Rd4c4 { draw }
1/2-1/2

[Event "Tourn. n8297"]
[Site "www.chess-mail.com"]
[Date "2015.08.09"]
[Round "1"]
[White "Picifarkinca"]
[Black "Jasmartin"]
[WhiteElo "1820"]
[BlackElo "1720"]
[Result "0-1"]
[Round "1"]
1.Ng1f3 g6
2.g3 Bf8g7
3.Bf1g2 d6
4.O-O e5
5.d3 Bc8e6
6.e4 Nb8c6
7.c3 Qd8d7
8.b4 h6
9.a4 a6
10.Bc1b2 Be6g4
11.Nb1d2 f6
12.Qd1b3 O-O-O
13.d4 exd4
14.cxd4 Rh8h7
15.Rf1c1 f5
16.d5 Nc6e5
17.Nf3d4 Ng8f6
18.f4 Ne5f7
19.Nd4e6 Kb8
20.Rc1xc7 Qd7e8
21.Ra1c1 Nf6d7
22.Ne6xg7 Rh7xg7
23.Bb2xg7 fxe4
24.Nd2xe4 Nd7b6
25.Bg7f6 Rd8d7
 { time }
0-1

[Event "Tourn. n8307"]
[Site "www.chess-mail.com"]
[Date "2015.08.09"]
[Round "1"]
[White "Picifarkinca"]
[Black "Bojan"]
[WhiteElo "1820"]
[BlackElo "1890"]
[Result "0-1"]
[Round "1"]
1.e4 Nb8c6
2.d4 g6
3.d5 Nc6a5
4.Bc1d2 c6
5.c4 Bf8g7
6.Bd2c3 Bg7xc3
7.Nb1xc3 b6
8.Qd1d4 f6
9.d6 Ng8h6
10.b4 Na5b7
11.c5 Nh6f7
12.f4 exd6
13.Bf1c4 dxc5
14.bxc5 Nb7xc5
15.Ra1d1 Bc8a6
16.Bc4xa6 Nc5xa6
17.Ng1f3 c5
18.Qd4d3 Na6b4
19.Qd3e2 O-O
20.Nc3d5 Nb4xd5
21.Rd1xd5 Rf8e8
22.O-O Re8e7
23.Rf1d1 Qd8c7
24.g3 Ra8e8
25.Qe2c2 Nf7h6
26.e5 f5
27.Qc2c4 Kf8
28.Nf3g5 Nh6g8
29.Qc4b5 Qc7c6
30.Qb5xc6 dxc6
31.Rd5d6 Kg7
32.Rd6xc6 h6
33.Ng5f3 Re7b7
34.Rd1d6 Ng8e7
35.Rd6e6 Kf7
36.Re6f6 Kg7
37.Rc6d6 Re8c8
38.Nf3h4 g5
39.fxg5 hxg5
40.Nh4xf5 Ne7xf5
41.Rf6xf5 Rc8c7
42.Rf5xg5 Kh7
43.Rg5h5 Kg8
44.Rh5g5 Rc7g7
45.Rg5f5 Rg7f7
46.Rd6d8 Kg7
47.Rf5g5 Kh6
48.h4 c4
49.Rd8h8 Rf7h7
50.Rh8c8 Rb7c7
51.Rc8d8 Rc7c6
 { time }
0-1

[Event "Tourn. n8323"]
[Site "www.chess-mail.com"]
[Date "2015.08.09"]
[Round "1"]
[White "Olddog55"]
[Black "Bojan"]
[WhiteElo "1740"]
[BlackElo "1890"]
[Result "0-1"]
[Round "1"]
1.d4 g6
2.e4 Bf8g7
3.Ng1f3 d5
4.Bf1d3 dxe4
5.Bd3xe4 Ng8f6
6.Nb1c3 Nf6xe4
7.Nc3xe4 Bc8f5
8.Ne4c3 Nb8c6
9.O-O Nc6xd4
10.Nf3xd4 Bg7xd4
11.Qd1e2 c5
12.Qe2b5 Qd8d7
13.Bc1f4 Bd4xc3
14.Qb5b3 Bc3f6
15.Ra1d1 Qd7c6
16.c3 Bf5e6
17.Qb3a3 O-O
18.Rf1e1 Be6f5
19.Qa3b3 e5
20.Bf4h6 Rf8d8
21.Rd1c1 Rd8d7
22.Re1e2 Qc6a6
23.c4 Ra8d8
24.h3 Rd7d3
25.Qb3b5 Qa6xb5
26.cxb5 Rd3d1
27.Rc1xd1 Rd8xd1
28.Kh2 Bf5d3
29.Re2e3 Bd3xb5
30.Re3b3 Bb5c6
31.a4 Rd1a1
32.Rb3c3 b6
33.Rc3c4 Ra1xa4
34.Rc4c3 e4
{ resign }
0-1

[Event "Tourn. n8326"]
[Site "www.chess-mail.com"]
[Date "2015.08.09"]
[Round "1"]
[White "Neo"]
[Black "Caspito"]
[WhiteElo "1780"]
[BlackElo "1690"]
[Result "0-1"]
[Round "1"]
1.d4 g6
2.e4 d6
3.Ng1f3 Bf8g7
4.Nb1c3 Bc8g4
5.h3 Bg4xf3
6.Qd1xf3 Ng8f6
7.Bf1c4 O-O
8.Bc1g5 Nb8d7
9.O-O c6
10.Ra1d1 Nd7b6
11.b3 Qd8c7
12.e5 dxe5
13.dxe5 Nb6xc4
14.exf6 exf6
15.Bg5xf6 Nc4e5
16.Bf6xe5 Qc7xe5
17.Rd1d3 Ra8d8
18.Rd3e3 Qe5c5
19.Rf1e1 b5
20.Qf3e2 Bg7xc3
21.Re1d1 a5
22.Rd1xd8 Rf8xd8
23.Qe2f3 b4
24.Qf3e4 Rd8d1
25.Kh2 Rd1d2
26.Qe4e8 Kg7
27.Re3f3 Bc3f6
28.Qe8e4 Rd2xf2
29.Rf3xf2 Qc5xf2
30.Qe4xc6 Bf6e5
31.Kh1 Qf2f1

0-1

[Event "Tourn. n8324"]
[Site "www.chess-mail.com"]
[Date "2015.08.09"]
[Round "1"]
[White "Amaya"]
[Black "Julian"]
[WhiteElo "1880"]
[BlackElo "1920"]
[Result "1-0"]
[Round "1"]
1.d4 Ng8f6
2.e3 d5
3.Bf1d3 g6
4.Nb1d2 Bf8g7
5.f4 O-O
6.Ng1f3 Nb8d7
7.O-O c5
8.c3 Rf8e8
{ time. }
1-0

[Event "Tourn. n8324"]
[Site "www.chess-mail.com"]
[Date "2015.08.09"]
[Round "1"]
[White "Vogue"]
[Black "Amaya"]
[WhiteElo "1809"]
[BlackElo "1880"]
[Result "1-0"]
[Round "1"]
1.c4 e5
2.g3 c5
3.Bf1g2 Nb8c6
4.a3 Ng8f6
5.Nb1c3 d6
6.Ng1f3 Bf8e7
7.d3 h6
8.O-O Bc8e6
9.b4 a6
10.bxc5 dxc5
11.Ra1b1 Qd8c7
12.Nf3d2 O-O
13.Nc3d5 Be6xd5
14.cxd5 Nc6d4
15.a4 Ra8b8
16.Bc1b2 Rf8d8
17.e3 Nd4f5
18.Nd2c4 Nf5d6
19.Nc4xe5 Nd6f5
20.Qd1f3 Qc7c8
21.Bg2h3 g6
22.Ne5xf7 Kxf7
23.e4 Nf5d4
24.Bb2xd4 Qc8xh3
25.Bd4xf6 Be7xf6
26.Rb1b6 Kg8
27.Qf3xf6 Qh3g4
28.f3 Qg4g5
29.Qf6e6 Kf8
30.f4 Qg5e7
31.Qe6xg6 c4
32.Rb6f6 { resign }
1-0

[Event "Tourn. n8331"]
[Site "www.chess-mail.com"]
[Date "2015.08.09"]
[Round "1"]
[White "Imkrebsgang"]
[Black "Geretree"]
[WhiteElo "1900"]
[BlackElo "1870"]
[Result "0-1"]
[Round "1"]
1.d4 d5
2.Ng1f3 Nb8c6
3.b3 Ng8f6
4.e3 a6
5.Bc1b2 Bc8g4
6.h3 Bg4f5
7.Bf1d3 Nf6e4
 { time }
0-1

[Event "Match"]
[Site "www.echecsemail.com"]
[Date "2015.08.09"]
[Round "1"]
[White "Pinehill"]
[Black "Chapi"]
[WhiteElo "1820"]
[BlackElo "2030"]
[Result "1-0"]
[Round "1"]
1.e4 c5
2.Ng1f3 Nb8c6
3.d4 cxd4
4.Nf3xd4 g6
5.Nb1c3 Bf8g7
6.Bc1e3 Ng8f6
7.f3 O-O
8.Qd1d2 d6
9.O-O-O a6
10.Kb1 b5
11.Nd4xc6 Qd8c7
12.Nc6b4 Bc8e6
13.Bf1e2 a5
14.Nc3xb5 Qc7b7
15.Nb4d5 Nf6xd5
16.exd5 Be6d7
17.a4 Rf8b8
18.g4 h5
19.gxh5 Bd7f5
20.hxg6 Bf5xg6
21.h4 Bg6h5
22.Rh1g1 Kh8
23.Rg1xg7 Kxg7
24.Be3h6 Kh7
25.Qd2g5 Bh5g6
26.h5 Rb8g8
27.hxg6 Rg8xg6
28.Be2d3 Ra8g8
29.Qg5h5 Qb7c8
30.Bh6f8 { resign }
1-0

[Event "Match"]
[Site "www.echecsemail.com"]
[Date "2015.08.09"]
[Round "1"]
[White "Redabond"]
[Black "Pablincho"]
[WhiteElo "1639"]
[BlackElo "1650"]
[Result "0-1"]
[Round "1"]
1.e4 e6
2.Bf1c4 d5
3.exd5 exd5
4.Bc4b3 c5
5.d4 c4
6.Bb3a4 Bc8d7
7.Ba4xd7 Qd8xd7
8.Ng1f3 Nb8c6
9.O-O Bf8e7
10.Rf1e1 h6
11.Nb1c3 a6
12.Bc1f4 Ng8f6
13.Nf3e5 Qd7f5
14.Ne5xc6 bxc6
15.Bf4d6 Ra8a7
16.Qd1e2 Qf5d7
17.Bd6xe7 Qd7xe7
18.Qe2xe7 Ra7xe7
19.Re1xe7 Kxe7
20.Nc3a4 Rh8b8
21.Ra1e1 Kd6
22.c3 Nf6e4
23.f3 Ne4g5
24.h4 Ng5e6
25.g3 c5
26.dxc5 Ne6xc5
27.Na4xc5 Kxc5
28.Re1e7 Rb8xb2
29.Re7xf7 Rb2xa2
30.Rf7xg7 Ra2a3
31.f4 Ra3xc3
32.f5 Rc3f3
33.Rg7g6 Rf3xf5
34.Rg6xa6 h5
35.Ra6a5 Kb4
36.Ra5a8 Kc3
37.Ra8a5 Kd3
38.Ra5a3 c3
{ resign }
0-1